| 000 | 00374nam a2200145Ia 4500 | ||
|---|---|---|---|
| 008 | 150201s2010 xx 000 0 und d | ||
| 082 |
_a617.6 _bC2010O |
||
| 100 | _aODELL,E.W | ||
| 245 | _aCLINICAL PROBLEM SOLVING IN DENTISTRY | ||
| 250 | _a3RD | ||
| 260 |
_bELSEVIER _aDELHI _c2010 |
||
| 300 | _a1-324 | ||
| 650 | _aPREVENTIVE AND COMMUNITY DENTISTRY | ||
| 942 |
_2ddc _cBK _01 |
||
| 999 |
_c4711 _d4711 |
||